[Event "Harald Malmgren 100 years"]
[Site "SSKK"]
[Date "2004.12.31"]
[Round "?"]
[White "Benson, Gary S"]
[Black "Liebert, Ervin"]
[Result "1/2-1/2"]
[WhiteElo "2490"]
[BlackElo "2492"]
[WhiteCountry "AUS"]
[BlackCountry "EST"]
[WhiteTitle "IM"]
[BlackTitle "IM"]

1.e4 e6 2.d4 d5 3.Nc3 Bb4 4.e5 c5 5.a3 Bxc3+
6.bxc3 Ne7 7.Qg4 O-O 8.Bd3 Nbc6 9.Qh5 Ng6 10.Nf3 Qc7
11.Ng5 h6 12.Nxf7 Qxf7 13.Qxg6 Qxg6 14.Bxg6 cxd4 15.cxd4 Nxd4
16.Bd3 Bd7 17.Bb2 Rf4 18.Rb1 b6 19.Bxd4 Rxd4 20.Rb3 Rc8
21.Kd2 Ra4 22.Ra1 Rf8 23.f3 g5 24.Rb4 Rf4 25.c3 Rh4
26.h3 Kf7 27.Kc2 Ke7 28.Kb2 Rf4 29.Bc2 Ra5 30.Rh1 Rb5
31.Bd3 Rbxb4+ 32.cxb4 h5 33.Kc3 Bc6 34.Rc1 Kd7 35.b5 Bb7
36.Rd1 Bc8 37.Kb2 Kd8 38.Rb1 h4 1/2-1/2

[Event "Harald Malmgren 100 years"]
[Site "SSKK"]
[Date "2004.12.31"]
[Round "?"]
[White "Hansen, Mads Smith"]
[Black "Liebert, Ervin"]
[Result "0-1"]
[WhiteElo "2505"]
[BlackElo "2492"]
[WhiteCountry "DEN"]
[BlackCountry "EST"]
[WhiteTitle "IM"]
[BlackTitle "IM"]

1.d4 e6 2.Nf3 Nf6 3.c4 b6 4.a3 Bb7 5.Nc3 d5
6.cxd5 Nxd5 7.Qc2 Nxc3 8.bxc3 Be7 9.e4 O-O 10.Bd3 c5
11.O-O Qc8 12.Qe2 Ba6 13.Rd1 Bxd3 14.Rxd3 Nd7 15.e5 cxd4
16.cxd4 Qc4 17.Bg5 Bd8 18.Rad1 Rc8 19.h4 h6 20.Bf4 Be7
21.h5 Nc5 22.dxc5 Qxf4 23.Rd4 Qf5 24.g4 Qh7 25.cxb6 axb6
26.R4d3 Ra8 27.Nd2 Ra4 28.f3 g6 29.hxg6 Qxg6 30.Ne4 h5
31.Kh1 Kg7 32.Rg1 Rh8 33.Rg3 hxg4+ 34.Kg2 Rh4 35.Nf2 Bg5
36.Rxg4 Rhxg4+ 37.Nxg4 Rc4 38.Kg1 Rc1+ 39.Rd1 Rc3 40.a4 Qf5
41.Rf1 Rc2 42.Qd1 Be7 0-1

[Event "Harald Malmgren 100 years"]
[Site "SSKK"]
[Date "2004.12.31"]
[Round "?"]
[White "Liebert, Ervin"]
[Black "Mrkvicka, Josef"]
[Result "1/2-1/2"]
[WhiteElo "2492"]
[BlackElo "2506"]
[WhiteCountry "EST"]
[BlackCountry "CZE"]
[WhiteTitle "IM"]
[BlackTitle "SM"]

1.e4 c5 2.Nf3 e6 3.d4 cxd4 4.Nxd4 a6 5.Nc3 Qc7
6.Bd3 Nc6 7.Be3 b5 8.O-O Bb7 9.Qe2 Nf6 10.Nxc6 Qxc6
11.a3 Be7 12.f4 O-O 13.e5 Nd5 14.Nxd5 Qxd5 15.c4 bxc4
16.Bxc4 Qc6 17.Rac1 Bc5 18.Rf2 Bxe3 19.Qxe3 Rac8 20.Rd2 Qa4
21.Rdc2 Rfd8 22.Bd3 Rxc2 23.Rxc2 Bc6 24.Rc1 a5 25.Qb6 Rf8
26.g3 f6 27.exf6 gxf6 28.Kf2 Be4 29.Bc4 Kg7 30.Qd6 Rc8
31.b3 Qc6 32.Rd1 Rc7 33.Bb5 Qc2+ 34.Be2 Kf7 35.b4 axb4
36.axb4 Qc6 37.b5 Qxd6 38.Rxd6 Ke7 39.Rd4 f5 40.Rd2 Rc3
41.Rb2 1/2-1/2

[Event "Harald Malmgren 100 years"]
[Site "SSKK"]
[Date "2004.12.31"]
[Round "?"]
[White "Liebert, Ervin"]
[Black "Bennborn, Jan"]
[Result "1-0"]
[WhiteElo "2492"]
[BlackElo "2470"]
[WhiteCountry "EST"]
[BlackCountry "SWE"]
[WhiteTitle "IM"]
[BlackTitle "IM"]

1.e4 c5 2.Nf3 d6 3.d4 cxd4 4.Nxd4 Nf6 5.Nc3 g6
6.Be3 Bg7 7.f3 O-O 8.Qd2 Nc6 9.Bc4 Bd7 10.h4 Rc8
11.Bb3 h5 12.O-O-O Ne5 13.Bg5 Rc5 14.Kb1 b5 15.g4 a5
16.Bxf6 Bxf6 17.gxh5 a4 18.Bd5 e6 19.hxg6 exd5 20.h5 Bg5
21.f4 Nc4 22.Qh2 Bh6 23.Nxd5 f5 24.Nxf5 Rf6 25.Nxh6+ Kg7
26.Qg1 Rxd5 27.Rxd5 1-0

[Event "Harald Malmgren 100 years"]
[Site "SSKK"]
[Date "2004.12.31"]
[Round "?"]
[White "Olsson, Sture"]
[Black "Rüfenacht, Matthias"]
[Result "1/2-1/2"]
[WhiteElo "2461"]
[BlackElo "2390"]
[WhiteCountry "SWE"]
[BlackCountry "SUI"]
[WhiteTitle "IM"]
[BlackTitle "GM"]

1.d4 d5 2.c4 Nc6 3.Nc3 dxc4 4.Nf3 Nf6 5.e4 Bg4
6.Be3 e6 7.Bxc4 Bb4 8.Qc2 O-O 9.Rd1 Bxf3 10.gxf3 Nh5
11.e5 Ne7 12.O-O c6 13.Kh1 Nd5 14.Nxd5 cxd5 15.Bd3 g6
16.Qb3 Qb6 17.Rc1 Rfc8 18.a3 Ba5 19.Qa4 Qd8 20.Rg1 Bb6
21.Qb4 Rxc1 22.Rxc1 Rc8 23.Rxc8 1/2-1/2

[Event "Harald Malmgren 100 years"]
[Site "SSKK"]
[Date "2004.12.31"]
[Round "?"]
[White "Mrkvicka, Josef"]
[Black "Hansen, Mads Smith"]
[Result "1-0"]
[WhiteElo "2506"]
[BlackElo "2505"]
[WhiteCountry "CZE"]
[BlackCountry "DEN"]
[WhiteTitle "SM"]
[BlackTitle "IM"]

1.d4 Nf6 2.Nf3 e6 3.e3 b6 4.Bd3 Bb7 5.O-O c5
6.Nbd2 Be7 7.b3 O-O 8.Bb2 Nc6 9.a3 Rc8 10.Re1 Qc7
11.dxc5 bxc5 12.c4 d6 13.Qc2 h6 14.Rad1 Rfd8 15.Bc3 a5
16.Ne4 Nxe4 17.Bxe4 Ra8 18.Bh7+ Kh8 19.Bd3 Rdb8 20.Qe2 Bc8
21.Bc2 Kg8 22.Nd2 e5 23.f4 Be6 24.f5 Bd7 25.Qd3 Bf8
26.Ne4 Rd8 27.Ba1 a4 28.bxa4 Na5 29.Nc3 Bc6 30.Nd5 Qa7
31.Rb1 Rab8 32.Rb5 Ba8 33.Bc3 Nc6 34.Reb1 Re8 35.Qe4 Kh8
36.f6 g6 37.h4 h5 38.g4 Bh6 39.gxh5 Rg8 40.Kh2 Rxb5
41.axb5 Nd8 42.hxg6 fxg6 43.Rg1 1-0

[Event "Harald Malmgren 100 years"]
[Site "SSKK"]
[Date "2004.12.31"]
[Round "?"]
[White "Hansen, Mads Smith"]
[Black "Koskela, Taisto"]
[Result "1/2-1/2"]
[WhiteElo "2505"]
[BlackElo "2486"]
[WhiteCountry "DEN"]
[BlackCountry "FIN"]
[WhiteTitle "IM"]
[BlackTitle "IM"]

1.d4 Nf6 2.c4 e6 3.Nf3 b6 4.a3 Bb7 5.Nc3 d5
6.cxd5 Nxd5 7.Qc2 Nxc3 8.bxc3 Nd7 9.e4 c5 10.Bf4 cxd4
11.cxd4 Rc8 12.Qb3 Be7 13.Bd3 Nf6 14.Qb5+ Qd7 15.Ne5 Qxb5
16.Bxb5+ Kf8 17.f3 Ne8 18.Bd7 Rc2 19.O-O f6 20.Nd3 Rc3
21.Nf2 Bd6 22.Bxd6+ Nxd6 23.Bxe6 Ke7 24.d5 Bc8 25.Bxc8 Rhxc8
26.a4 Nc4 27.Rfe1 Ne3 28.Nd1 Nxd1 29.Raxd1 Kd6 30.f4 Re8
31.Rd4 Rc2 32.h4 Kc5 33.Rd3 Kd6 34.Rd4 Kc5 35.Rd3
1/2-1/2

[Event "Harald Malmgren 100 years"]
[Site "SSKK"]
[Date "2004.12.31"]
[Round "?"]
[White "Koskela, Taisto"]
[Black "Bergquist, Rune"]
[Result "0-1"]
[WhiteElo "2486"]
[BlackElo "2504"]
[WhiteCountry "FIN"]
[BlackCountry "NOR"]
[WhiteTitle "IM"]
[BlackTitle "IM"]

1.d4 d5 2.c4 c6 3.Nf3 Nf6 4.Nc3 dxc4 5.a4 Bf5
6.e3 e6 7.Bxc4 Bb4 8.O-O O-O 9.Nh4 Nbd7 10.Nxf5 exf5
11.Qc2 g6 12.f3 Rc8 13.Kh1 c5 14.Ba2 Qb6 15.dxc5 Nxc5
16.e4 Bxc3 17.bxc3 fxe4 18.Be3 Qc6 19.fxe4 Ncxe4 20.Bd4 Rcd8
21.Rae1 Rxd4 0-1

[Event "Harald Malmgren 100 years"]
[Site "SSKK"]
[Date "2004.12.31"]
[Round "?"]
[White "Chopin, Philippe"]
[Black "Mrkvicka, Josef"]
[Result "1-0"]
[WhiteElo "2475"]
[BlackElo "2506"]
[WhiteCountry "FRA"]
[BlackCountry "CZE"]
[WhiteTitle "?"]
[BlackTitle "SM"]

1.e4 c5 2.Nf3 Nc6 3.d4 cxd4 4.Nxd4 Nf6 5.Nc3 e5
6.Ndb5 d6 7.Bg5 a6 8.Na3 b5 9.Bxf6 gxf6 10.Nd5 f5
11.Bd3 Be6 12.O-O Bxd5 13.exd5 Ne7 14.c3 Bg7 15.Qh5 e4
16.Bc2 O-O 17.Rae1 Qc8 18.Bb3 a5 19.Nxb5 a4 20.Bd1 Qc5
21.Be2 Nxd5 22.Qg5 Rab8 23.c4 Nc7 24.Nxc7 Qxc7 25.Qxf5 Rfe8
26.Rb1 Bxb2 27.Rfd1 Qe7 28.Rd5 Be5 29.Rdb5 Rbc8 30.Kf1 Bg7
31.Rb7 Qe6 32.Qxe6 fxe6 33.Bh5 Rf8 34.Bg4 Rce8 35.f3 exf3
36.gxf3 Rf4 37.R1b4 a3 38.Rb3 Bb2 39.R3b6 Be5 40.Rc6 h6
41.Ke2 Kf8 42.Rh7 d5 43.c5 Rc4 44.Bxe6 Bg7 45.Kd2 Rf4
46.Kc2 Rxf3 47.Bxd5 Rf2+ 48.Kb3 Rb2+ 49.Kc4 Reb8 50.Be6 Rd2
51.Rc7 Rd4+ 52.Kc3 Be5 53.Rcf7+ Ke8 54.c6 Rd6+ 55.Kc4 Rxe6
56.Kd5 Rf6 57.Rxf6 Bxf6 58.c7 Ra8 59.Kc6 Be5 60.Rxh6 Ra6+
61.Kb7 Rxh6 62.c8=Q+ Ke7 63.Qc1 Rxh2 64.Qxa3+ Ke6 65.Qd3 Rh4
66.a4 Rd4 67.Qg6+ Ke7 68.a5 Rd7+ 69.Kc6 1-0

[Event "Harald Malmgren 100 years"]
[Site "SSKK"]
[Date "2004.12.31"]
[Round "?"]
[White "Hansen, Mads Smith"]
[Black "Chopin, Philippe"]
[Result "0-1"]
[WhiteElo "2505"]
[BlackElo "2475"]
[WhiteCountry "DEN"]
[BlackCountry "FRA"]
[WhiteTitle "IM"]
[BlackTitle "?"]

1.d4 Nf6 2.c4 g6 3.Nc3 Bg7 4.Nf3 O-O 5.g3 d5
6.cxd5 Nxd5 7.Bg2 c5 8.O-O Nxc3 9.bxc3 Nc6 10.dxc5 Qa5
11.Be3 Bxc3 12.Rc1 Bg7 13.Qb3 Qa6 14.a4 Qxe2 15.Rfd1 Qb2
16.Qb5 Qa3 17.Rd3 a6 18.Qc4 Qb2 19.Rd2 Na5 20.Qf1 Qb4
21.Qe2 Nc6 22.Qd1 Bf5 23.Nh4 Bg4 24.Qc2 Rad8 25.Rb1 Qc3
26.Rxb7 Rxd2 27.Qxd2 Qa1+ 28.Qc1 Qxa4 29.Nf3 Rd8 30.Nd2 Bd4
31.Nf1 Be5 32.Bh6 Nd4 33.Qe3 f6 34.Bf4 Nf5 35.Qe4 Rd4
36.Qb1 Rd1 37.Qb6 Bxf4 38.gxf4 Kf7 39.c6 Be2 40.c7 Bxf1
41.Bxf1 Rxf1+ 42.Kxf1 Qd1+ 43.Kg2 Nh4+ 44.Kh3 Qf3+ 45.Kxh4 Qxf4+
46.Kh3 Qf3+ 47.Kh4 g5# 0-1

[Event "Harald Malmgren 100 years"]
[Site "SSKK"]
[Date "2004.12.31"]
[Round "?"]
[White "Liebert, Ervin"]
[Black "Åhman, Leif"]
[Result "1/2-1/2"]
[WhiteElo "2492"]
[BlackElo "2492"]
[WhiteCountry "EST"]
[BlackCountry "SWE"]
[WhiteTitle "IM"]
[BlackTitle "IM"]

1.e4 c6 2.d4 d5 3.Nc3 dxe4 4.Nxe4 Bf5 5.Ng3 Bg6
6.h4 h6 7.Nf3 Nd7 8.h5 Bh7 9.Bd3 Bxd3 10.Qxd3 e6
11.Bf4 Qa5+ 12.Bd2 Qc7 13.O-O-O Ngf6 14.Ne4 O-O-O 15.g3 Nxe4
16.Qxe4 Nf6 17.Qe2 Bd6 18.c4 c5 19.Bc3 cxd4 20.Nxd4 a6
21.Kb1 Rhe8 22.Nf3 Qc6 23.Ne5 Bxe5 24.Bxe5 Rxd1+ 25.Rxd1 Rd8
26.Rxd8+ Kxd8 27.Bxf6+ gxf6 28.a3 Ke7 29.b4 f5 30.Kb2 Qd7
31.c5 Qd4+ 32.Kc2 Qd5 33.Kc3 a5 34.Qd3 Qa2 35.Qd6+ Kf6
36.Qd4+ Ke7 37.Qd6+ 1/2-1/2

[Event "Harald Malmgren 100 years"]
[Site "SSKK"]
[Date "2004.12.31"]
[Round "?"]
[White "Rüfenacht, Matthias"]
[Black "Chopin, Philippe"]
[Result "1/2-1/2"]
[WhiteElo "2390"]
[BlackElo "2475"]
[WhiteCountry "SUI"]
[BlackCountry "FRA"]
[WhiteTitle "GM"]
[BlackTitle "?"]

1.e4 e5 2.Nf3 Nc6 3.Bb5 a6 4.Bxc6 dxc6 5.O-O f6
6.d4 Bg4 7.c3 Bd6 8.Be3 Qe7 9.Nbd2 O-O-O 10.dxe5 fxe5
11.b4 Nf6 12.Qc2 Rhf8 13.a4 Qe8 14.Rfb1 Bxf3 15.Nxf3 Ng4
16.Bg5 Qh5 17.h3 Rxf3 18.hxg4 Qxg4 19.Bxd8 Kxd8 20.c4 Rf6
21.c5 Bf8 22.b5 Rg6 23.g3 Rh6 24.bxa6 Ke7 25.Qd3 Qh3
26.Qf3 bxa6 27.Qg2 Qg4 28.Ra2 Kf7 29.Rc2 Kg8 30.Rc3 Rf6
31.f3 Qd7 32.Qa2+ Kh8 33.Qf2 Rh6 34.g4 Qd8 35.Kg2 Kg8
36.Rcb3 Qg5 37.Rb8 Qf4 38.Rh1 Rf6 39.Ra8 h6 40.Rd1 Kh7
41.Rd3 Qc1 42.Qd2 Qxc5 43.Qc3 Qxc3 44.Rxc3 c5 45.Rb3 Be7
46.Re8 Bd6 47.Kg3 Kg6 48.Ra8 c4 49.Rb7 a5 50.Rxa5 Be7
51.Rb2 Rc6 52.f4 exf4+ 53.Kxf4 c3 54.Rc2 Bg5+ 55.Kf3 Rc4
56.Ra6+ Kf7 57.Ra8 Kf6 58.Re8 Bd2 59.Rf8+ Ke5 60.Re8+ Kf6
61.Rf8+ Ke5 62.Re8+ Kf6 63.Rf8+ Ke5 1/2-1/2

[Event "Harald Malmgren 100 years"]
[Site "SSKK"]
[Date "2004.12.31"]
[Round "?"]
[White "Hansen, Mads Smith"]
[Black "Rüfenacht, Matthias"]
[Result "0-1"]
[WhiteElo "2505"]
[BlackElo "2390"]
[WhiteCountry "DEN"]
[BlackCountry "SUI"]
[WhiteTitle "IM"]
[BlackTitle "GM"]

1.d4 d5 2.c4 Nc6 3.cxd5 Qxd5 4.e3 e5 5.Nc3 Bb4
6.Bd2 Bxc3 7.bxc3 Nf6 8.f3 O-O 9.e4 Qd6 10.d5 Ne7
11.c4 Nd7 12.Ne2 f5 13.Nc3 a6 14.Be2 Nc5 15.O-O Bd7
16.Be3 Ng6 17.Re1 Nf4 18.Bf1 fxe4 19.fxe4 b6 20.Kh1 Qg6
21.Bxc5 bxc5 22.Qd2 Rf6 23.Qe3 Bg4 24.Qxc5 Nh3 25.Qxc7 Raf8
26.Rab1 Qh6 27.Qa7 Nf2+ 28.Kg1 Qxh2+ 29.Kxh2 Rh6+ 30.Kg3 Nh1+
31.Kxg4 Rf4+ 32.Kg5 Rg6+ 33.Kh5 Ng3# 0-1

[Event "Harald Malmgren 100 years"]
[Site "SSKK"]
[Date "2004.12.31"]
[Round "?"]
[White "Rüfenacht, Matthias"]
[Black "Liebert, Ervin"]
[Result "0-1"]
[WhiteElo "2390"]
[BlackElo "2492"]
[WhiteCountry "SUI"]
[BlackCountry "EST"]
[WhiteTitle "GM"]
[BlackTitle "IM"]

1.e4 e6 2.d4 d5 3.Nc3 Bb4 4.e5 c5 5.a3 Bxc3+
6.bxc3 Ne7 7.Qg4 O-O 8.Bd3 Nbc6 9.Qh5 Ng6 10.Nf3 Qc7
11.Be3 c4 12.Bxg6 fxg6 13.Qg4 Bd7 14.h4 Rf5 15.h5 gxh5
16.Rxh5 Raf8 17.Kd2 Be8 18.Rh3 Qb6 19.Rf1 Qb2 20.Rg3 Bg6
21.Nh4 Na5 22.Nxg6 Nb3+ 23.Ke1 Qxc3+ 24.Kd1 hxg6 25.cxb3 cxb3
26.Qe2 Qa1+ 27.Kd2 Qa2+ 28.Kd3 Qxa3 29.Qd1 Qa6+ 30.Kd2 Rc8
0-1

[Event "Harald Malmgren 100 years"]
[Site "SSKK"]
[Date "2004.12.31"]
[Round "?"]
[White "Liebert, Ervin"]
[Black "Chopin, Philippe"]
[Result "1/2-1/2"]
[WhiteElo "2492"]
[BlackElo "2475"]
[WhiteCountry "EST"]
[BlackCountry "FRA"]
[WhiteTitle "IM"]
[BlackTitle "?"]

1.e4 e5 2.Nf3 Nc6 3.Bb5 a6 4.Ba4 Nf6 5.O-O Be7
6.Re1 b5 7.Bb3 d6 8.c3 O-O 9.h3 Bb7 10.d4 Re8
11.Nbd2 Bf8 12.a4 h6 13.Bc2 exd4 14.cxd4 Nb4 15.Bb1 c5
16.d5 Nd7 17.Ra3 c4 18.axb5 axb5 19.Nd4 Qb6 20.Nf5 Ne5
21.Rg3 g6 22.Nf3 Ned3 23.Be3 Qd8 24.Nxh6+ Bxh6 25.Bxh6 Qf6
26.Bxd3 Nxd3 27.Re2 b4 28.Bg5 Qg7 29.Be3 Rxe4 30.Bh6 Qxh6
31.Rxe4 Bxd5 32.Rd4 Qh5 33.Qb1 Bxf3 34.Rxf3 Qc5 35.Rxc4 Qxc4
36.Qxd3 d5 37.Kh2 Re8 38.b3 Qc7+ 39.g3 Qc5 40.Rf4 Re4
41.Rf3 Kg7 1/2-1/2

[Event "Harald Malmgren 100 years"]
[Site "SSKK"]
[Date "2004.12.31"]
[Round "?"]
[White "Mrkvicka, Josef"]
[Black "Rüfenacht, Matthias"]
[Result "1/2-1/2"]
[WhiteElo "2506"]
[BlackElo "2390"]
[WhiteCountry "CZE"]
[BlackCountry "SUI"]
[WhiteTitle "SM"]
[BlackTitle "GM"]

1.e4 c6 2.d4 d5 3.exd5 cxd5 4.c4 Nf6 5.Nc3 e6
6.Nf3 Be7 7.cxd5 Nxd5 8.Bd3 Nc6 9.O-O O-O 10.Re1 Bf6
11.Be4 Nce7 12.Qc2 h6 13.Qe2 Nf5 14.Qd3 Nxc3 15.bxc3 Nd6
16.Ne5 Nxe4 17.Qxe4 Bxe5 18.Qxe5 Qd5 19.Qg3 Qh5 20.Ba3 Re8
21.Re5 Qg6 22.Qxg6 fxg6 23.f3 Bd7 24.Bb4 b6 25.c4 Rac8
26.Rc1 b5 27.Rc5 Rxc5 28.Bxc5 a6 29.cxb5 axb5 30.Kf2 g5
31.Ke3 Bc6 32.Bb4 Bd5 33.a3 Kf7 34.Rc5 Rb8 35.Rc7+ Kg6
36.Bd6 Rb6 37.Bc5 Rb7 38.Rxb7 1/2-1/2

[Event "Harald Malmgren 100 years"]
[Site "SSKK"]
[Date "2004.12.31"]
[Round "?"]
[White "Bennborn, Jan"]
[Black "Benson, Gary S"]
[Result "1-0"]
[WhiteElo "2470"]
[BlackElo "2490"]
[WhiteCountry "SWE"]
[BlackCountry "AUS"]
[WhiteTitle "IM"]
[BlackTitle "IM"]

1.d4 d5 2.c4 e6 3.Nc3 c6 4.Nf3 Nf6 5.e3 Nbd7
6.Bd3 dxc4 7.Bxc4 b5 8.Bd3 a6 9.e4 c5 10.e5 cxd4
11.Nxb5 Nxe5 12.Nxe5 axb5 13.Bxb5+ Bd7 14.Nxd7 Qa5+ 15.Bd2 Qxb5
16.Nxf8 Kxf8 17.b3 Ke7 18.a4 Qe5+ 19.Qe2 Kd6 20.Qxe5+ Kxe5
21.Ke2 Rhb8 22.b4 Ne4 23.Rhb1 Kd5 24.b5 Nxd2 25.Kxd2 Ra5
26.Rb4 Kc5 27.Rab1 e5 28.Kd3 f5 29.Rc4+ Kd5 30.Rbc1 e4+
31.Kd2 Rba8 32.Rc6 Ke5 33.g3 Rd8 34.R1c5+ Rd5 35.Rc4 Rd8
36.R6c5+ Rd5 37.Rxd5+ Kxd5 38.b6 Ra8 39.b7 Rb8 40.Rc7 g6
41.a5 Kd6 42.Rf7 Kc6 43.a6 Kb6 44.Rf6+ Ka7 45.Rc6 g5
46.Ke2 h5 47.h4 d3+ 48.Kd2 gxh4 49.gxh4 f4 50.Rc8 f3
51.Rc6 1-0

[Event "Harald Malmgren 100 years"]
[Site "SSKK"]
[Date "2004.12.31"]
[Round "?"]
[White "Hansen, Mads Smith"]
[Black "Bennborn, Jan"]
[Result "0-1"]
[WhiteElo "2505"]
[BlackElo "2470"]
[WhiteCountry "DEN"]
[BlackCountry "SWE"]
[WhiteTitle "IM"]
[BlackTitle "IM"]

1.d4 Nf6 2.c4 e6 3.Nf3 d5 4.Nc3 c6 5.Bg5 h6
6.Bxf6 Qxf6 7.e3 Nd7 8.Bd3 dxc4 9.Bxc4 g6 10.O-O Bg7
11.Rc1 O-O 12.Qe2 Qe7 13.e4 b5 14.Bd3 Bb7 15.e5 c5
16.Be4 Bxe4 17.Qxe4 a6 18.d5 Nxe5 19.Nxe5 exd5 20.Nxg6 Qxe4
21.Nxe4 fxg6 22.Nxc5 Bxb2 23.Rcd1 Rfd8 24.Rd3 Rac8 25.Nxa6 Bc3
26.a3 Rc4 27.Rb1 Ra8 28.Nb4 Bxb4 29.axb4 Rxb4 30.Rbd1 d4
31.Kf1 Raa4 32.Ke2 Kf7 33.Kf3 Ke6 34.Ke4 Ra2 35.R1d2 Rxd2
36.Rxd2 Kd6 37.f4 Kc5 38.g4 d3+ 39.Ke3 Rd4 40.f5 gxf5
41.gxf5 Rd6 42.f6 Rxf6 43.Rxd3 Re6+ 44.Kd2 Rd6 0-1

[Event "Harald Malmgren 100 years"]
[Site "SSKK"]
[Date "2004.12.31"]
[Round "?"]
[White "Hansen, Mads Smith"]
[Black "Åhman, Leif"]
[Result "1/2-1/2"]
[WhiteElo "2505"]
[BlackElo "2492"]
[WhiteCountry "DEN"]
[BlackCountry "SWE"]
[WhiteTitle "IM"]
[BlackTitle "IM"]

1.d4 Nf6 2.c4 e6 3.Nf3 b6 4.a3 Bb7 5.Nc3 d5
6.cxd5 Nxd5 7.Qc2 Nxc3 8.bxc3 Be7 9.e4 O-O 10.Bd3 c5
11.O-O Qc8 12.Qe2 Ba6 13.Rd1 Rd8 14.h4 Bxd3 15.Rxd3 cxd4
16.cxd4 Nd7 17.Bg5 Bxg5 18.hxg5 Qa6 19.Rad1 Rac8 20.Qe3 Qa4
21.Qf4 Re8 22.Rc1 Rc6 23.Rdc3 Rec8 24.Rxc6 Rxc6 25.g3 Rxc1+
26.Qxc1 Kf8 27.Kg2 a5 28.Qc8+ Ke7 29.Qc7 Ke8 30.Qc8+ Ke7
31.Qc7 Ke8 32.Qc8+ Ke7 33.Qc7 1/2-1/2

[Event "Harald Malmgren 100 years"]
[Site "SSKK"]
[Date "2004.12.31"]
[Round "?"]
[White "Åhman, Leif"]
[Black "Chopin, Philippe"]
[Result "1/2-1/2"]
[WhiteElo "2492"]
[BlackElo "2475"]
[WhiteCountry "SWE"]
[BlackCountry "FRA"]
[WhiteTitle "IM"]
[BlackTitle "?"]

1.e4 e5 2.Nf3 Nc6 3.Bb5 a6 4.Ba4 Nf6 5.O-O Be7
6.Re1 b5 7.Bb3 d6 8.c3 O-O 9.h3 Bb7 10.d4 Re8
11.Nbd2 Bf8 12.d5 Nb8 13.Nf1 Nbd7 14.N3h2 Nc5 15.Bc2 c6
16.b4 Ncd7 17.dxc6 Bxc6 18.Bg5 h6 19.Bxf6 Nxf6 20.Ng4 Nxg4
21.Qxg4 Bd7 22.Qf3 Rc8 23.Bb3 Be6 24.Qd3 Qc7 25.Rec1 Be7
26.Rc2 Bg5 27.Rd1 Red8 28.Bd5 Bxd5 29.Qxd5 Qc4 30.g3
1/2-1/2

[Event "Harald Malmgren 100 years"]
[Site "SSKK"]
[Date "2004.12.31"]
[Round "?"]
[White "Mrkvicka, Josef"]
[Black "Pugh, John"]
[Result "1/2-1/2"]
[WhiteElo "2506"]
[BlackElo "2522"]
[WhiteCountry "CZE"]
[BlackCountry "ENG"]
[WhiteTitle "SM"]
[BlackTitle "SM"]

1.d4 Nf6 2.c4 g6 3.Nc3 Bg7 4.e4 d6 5.Nf3 O-O
6.Be2 e5 7.Be3 Na6 8.O-O Ng4 9.Bg5 Qe8 10.dxe5 dxe5
11.Nd2 f6 12.Bh4 Nh6 13.a3 c6 14.b4 Nc7 15.Nb3 Ne6
16.c5 Nf4 17.Bc4+ Be6 18.Bxe6+ Qxe6 19.Qc2 Rad8 20.Rad1 Nf7
21.Bg3 Nh5 22.Ne2 b5 23.cxb6 axb6 24.a4 Nxg3 25.Nxg3 Ra8
26.a5 Rfb8 27.axb6 Rxb6 28.Nc5 1/2-1/2

[Event "Harald Malmgren 100 years"]
[Site "SSKK"]
[Date "2004.12.31"]
[Round "?"]
[White "Rüfenacht, Matthias"]
[Black "Bennborn, Jan"]
[Result "0-1"]
[WhiteElo "2390"]
[BlackElo "2470"]
[WhiteCountry "SUI"]
[BlackCountry "SWE"]
[WhiteTitle "GM"]
[BlackTitle "IM"]

1.e4 c5 2.Nf3 d6 3.d4 cxd4 4.Nxd4 Nf6 5.Nc3 g6
6.Be3 Bg7 7.f3 O-O 8.Bc4 Nc6 9.Qe2 Bd7 10.O-O-O Na5
11.Bb3 a6 12.Qd2 Nxb3+ 13.cxb3 b5 14.Kb1 b4 15.Nd5 Nxd5
16.exd5 a5 17.Rc1 a4 18.Qxb4 axb3 19.Qxb3 Ra6 20.Nc6 Bf5+
21.Ka1 Qa8 22.Nxe7+ Kh8 23.Nxf5 gxf5 24.Bb6 Rxb6 25.Qxb6 Rb8
26.Qxb8+ Qxb8 27.Rc2 Be5 28.g3 f4 29.g4 Qa8 30.Rd1 Qa3
31.Rf2 Qe3 32.Rdf1 Bd4 0-1

[Event "Harald Malmgren 100 years"]
[Site "SSKK"]
[Date "2004.12.31"]
[Round "?"]
[White "Chopin, Philippe"]
[Black "Pugh, John"]
[Result "1/2-1/2"]
[WhiteElo "2475"]
[BlackElo "2522"]
[WhiteCountry "FRA"]
[BlackCountry "ENG"]
[WhiteTitle "?"]
[BlackTitle "SM"]

1.e4 c5 2.Nf3 d6 3.d4 cxd4 4.Nxd4 Nf6 5.Nc3 a6
6.Be3 e6 7.f3 b5 8.g4 Nfd7 9.Qd2 Nb6 10.O-O-O N8d7
11.Ndxb5 axb5 12.Nxb5 Ba6 13.Nxd6+ Bxd6 14.Qxd6 Nc4 15.Bxc4 Bxc4
16.Qd4 Be2 17.Qxg7 Rf8 18.Bc5 Bxd1 19.Rxd1 Qa5 20.Bxf8 Nxf8
21.a3 Qc7 22.Kb1 Qxh2 23.Qc3 Nd7 24.Qh8+ Nf8 25.Qc3
1/2-1/2

[Event "Harald Malmgren 100 years"]
[Site "SSKK"]
[Date "2004.12.31"]
[Round "?"]
[White "Chopin, Philippe"]
[Black "Bennborn, Jan"]
[Result "1/2-1/2"]
[WhiteElo "2475"]
[BlackElo "2470"]
[WhiteCountry "FRA"]
[BlackCountry "SWE"]
[WhiteTitle "?"]
[BlackTitle "IM"]

1.e4 c5 2.Nf3 d6 3.d4 cxd4 4.Nxd4 Nf6 5.Nc3 g6
6.Be3 Bg7 7.f3 O-O 8.Qd2 Nc6 9.O-O-O d5 10.exd5 Nxd5
11.Nxc6 bxc6 12.Bd4 e5 13.Bc5 Be6 14.Ne4 Re8 15.h4 h6
16.g4 Qc7 17.g5 h5 18.Bd6 Qb7 19.Qd3 a5 20.Qa3 Qc8
21.Qc5 Rd8 22.Bc4 a4 23.Rd2 Qb7 24.Rhd1 a3 25.b3 Kh7
26.Bd3 Bf5 27.Nf6+ Bxf6 28.gxf6 Bxd3 29.Rxd3 Qd7 30.Be7 Rdc8
31.Re1 Qh3 32.Qc4 Qg3 33.Rde3 Rc7 34.Rxe5 Rd7 35.R5e3 Raa7
36.Re4 1/2-1/2

[Event "Harald Malmgren 100 years"]
[Site "SSKK"]
[Date "2004.12.31"]
[Round "?"]
[White "Chopin, Philippe"]
[Black "Benson, Gary S"]
[Result "1/2-1/2"]
[WhiteElo "2475"]
[BlackElo "2490"]
[WhiteCountry "FRA"]
[BlackCountry "AUS"]
[WhiteTitle "?"]
[BlackTitle "IM"]

1.e4 c5 2.Nf3 d6 3.d4 cxd4 4.Nxd4 Nf6 5.Nc3 a6
6.Be3 e5 7.Nb3 Be6 8.Qd2 Nbd7 9.f3 Be7 10.g4 h6
11.O-O-O b5 12.h4 Nb6 13.Qf2 Nfd7 14.Kb1 Qc7 15.Nd5 Bxd5
16.exd5 Nc4 17.Bc1 Qb6 18.Qe1 a5 19.f4 a4 20.Bxc4 bxc4
21.Nd2 c3 22.Nc4 Qc7 23.Qxc3 Rc8 24.b3 Nb6 25.fxe5 Nxc4
26.Qxc4 Qxc4 27.bxc4 Rxc4 28.g5 dxe5 29.d6 Bd8 30.gxh6 gxh6
31.d7+ Ke7 32.Ba3+ Ke6 33.Rd6+ Kf5 34.Rf1+ Rf4 35.Rxf4+ exf4
36.c4 Bxh4 37.Kc2 f3 38.Kd3 f2 39.Ke2 Rb8 40.Rd1 Ke6
41.Rd6+ Kf5 42.Rd1 Ke6 43.c5 Rg8 44.Rd6+ Kf5 45.c6 Rg1
46.Rf6+ Bxf6 47.Kxf2 Rg4 48.c7 1/2-1/2

[Event "Harald Malmgren 100 years"]
[Site "SSKK"]
[Date "2004.12.31"]
[Round "?"]
[White "Bennborn, Jan"]
[Black "Mrkvicka, Josef"]
[Result "1/2-1/2"]
[WhiteElo "2470"]
[BlackElo "2506"]
[WhiteCountry "SWE"]
[BlackCountry "CZE"]
[WhiteTitle "IM"]
[BlackTitle "SM"]

1.d4 d5 2.c4 c6 3.Nf3 Nf6 4.Nc3 dxc4 5.a4 Bf5
6.e3 e6 7.Bxc4 Bb4 8.O-O O-O 9.Qe2 Bg6 10.Ne5 Nbd7
11.Nxg6 hxg6 12.Rd1 Qa5 13.Bd2 e5 14.Be1 Rad8 15.Qc2 exd4
16.Rxd4 c5 17.Rdd1 Ne5 18.Be2 a6 19.Rac1 Rfe8 20.Rxd8 Rxd8
21.b3 Nc6 22.Bc4 Ne5 23.Bf1 Nc6 24.Bc4 1/2-1/2